| 000 | 00330nam a22001337a 4500 | ||
|---|---|---|---|
| 003 | SGT | ||
| 020 | _a0-86577-500-1 | ||
| 082 |
_a617.89 _bS94V |
||
| 100 | _aVALENTE, MICHAEL | ||
| 245 | _aSTRATEGIES FOR SELECTING AND VERIFYING HEARING AID FITTINGS | ||
| 260 |
_aNEW YORK _bTHIEME PUB _c1994 |
||
| 300 | _a422 | ||
| 942 |
_2ddc _cBK |
||
| 999 |
_c15436 _d15436 |
||